000 00301nam a22001337a 4500
008 170920b xxu||||| |||| 00| 0 eng d
020 _a9780131840690
041 _aeng
080 _25 ED
_a7
100 _a45
101 _aART
245 _aHISTORY OF MODERN ART
_cARNASON.H.H
942 _2udc
_cBK
999 _c28600
_d28600